<?xml version="1.0" encoding="UTF-8"?>
<record
    xmlns:xsi="http://www.w3.org/2001/XMLSchema-instance"
    xsi:schemaLocation="http://www.loc.gov/MARC21/slim http://www.loc.gov/standards/marcxml/schema/MARC21slim.xsd"
    xmlns="http://www.loc.gov/MARC21/slim">

  <leader>01834aamaa2200337 a 4500</leader>
  <controlfield tag="001">32738</controlfield>
  <controlfield tag="003">AR-BaBN</controlfield>
  <controlfield tag="005">20260508183859.0</controlfield>
  <controlfield tag="007">ta</controlfield>
  <controlfield tag="008">051027m1911    ag ||||gr     001 0 spa  </controlfield>
  <datafield tag="040" ind1=" " ind2=" ">
    <subfield code="a">AR-BaBN</subfield>
    <subfield code="e">aacr</subfield>
  </datafield>
  <datafield tag="041" ind1=" " ind2=" ">
    <subfield code="a">spa</subfield>
  </datafield>
  <datafield tag="100" ind1="1" ind2=" ">
    <subfield code="a">L&#xF3;pez, Vicente Fidel,</subfield>
    <subfield code="d">1815-1903</subfield>
  </datafield>
  <datafield tag="245" ind1="1" ind2="0">
    <subfield code="a">Historia de la Rep&#xFA;blica Argentina :</subfield>
    <subfield code="b">su origen, su revoluci&#xF3;n y su desarrollo pol&#xED;tico hasta 1852 /</subfield>
    <subfield code="c">Vicente F. L&#xF3;pez </subfield>
  </datafield>
  <datafield tag="260" ind1=" " ind2=" ">
    <subfield code="a">Buenos Aires :</subfield>
    <subfield code="b">Librer&#xED;a La Facultad,</subfield>
    <subfield code="c">1911.</subfield>
  </datafield>
  <datafield tag="300" ind1=" " ind2=" ">
    <subfield code="a">10 v. </subfield>
  </datafield>
  <datafield tag="505" ind1="0" ind2=" ">
    <subfield code="a">v. 1: Paralelismo de la historia de Espa&#xF1;a con la historia colonial del R&#xED;o de la Plata. </subfield>
  </datafield>
  <datafield tag="505" ind1="0" ind2=" ">
    <subfield code="a">v.2: Paralelismo de la historia colonial con la historia europea.</subfield>
  </datafield>
  <datafield tag="505" ind1="0" ind2=" ">
    <subfield code="a">v.3: La revoluci&#xF3;n y la guerra de la independencia.</subfield>
  </datafield>
  <datafield tag="505" ind1="0" ind2=" ">
    <subfield code="a">v.4: Declive del movimiento pol&#xED;tico hacia el personalismo del Poder Ejecutivo.</subfield>
  </datafield>
  <datafield tag="505" ind1="0" ind2=" ">
    <subfield code="a">v.5: Antagonismo de las masas b&#xE1;rbaras del Uruguay y de sus caudillos, contra las tendencias org&#xE1;nicas y cultas de la capital (1815-1820).</subfield>
  </datafield>
  <datafield tag="505" ind1="0" ind2=" ">
    <subfield code="a">v.6: Complemento de la Revoluci&#xF3;n de Mayo.</subfield>
  </datafield>
  <datafield tag="505" ind1="0" ind2=" ">
    <subfield code="a">v.7: Dedicaci&#xF3;n y sacrificio de los intereses argentinos a la libertad de las otras regiones sudamericanas : Chacabuco a Pichincha.</subfield>
  </datafield>
  <datafield tag="505" ind1="0" ind2=" ">
    <subfield code="a">v.8: Transformaci&#xF3;n del organismo y resurgimiento de la cultura liberal. Buenos Aires, y los cacicazgos provinciales.</subfield>
  </datafield>
  <datafield tag="505" ind1="0" ind2=" ">
    <subfield code="a">v.9: Armon&#xED;a Convencional y divergencias intr&#xED;nsecas en las provincias del estado.</subfield>
  </datafield>
  <datafield tag="505" ind1="0" ind2=" ">
    <subfield code="a">v.10: Paroxismo de la vida social, y descenso fatal del organismo pol&#xED;tico hacia la tiran&#xED;a absoluta.</subfield>
  </datafield>
  <datafield tag="650" ind1=" " ind2="4">
    <subfield code="a">HISTORIA ARGENTINA </subfield>
    <subfield code="9">19648</subfield>
  </datafield>
  <datafield tag="700" ind1=" " ind2=" ">
    <subfield code="a">Vera y Gonzalez, Emilio,</subfield>
  </datafield>
  <datafield tag="942" ind1=" " ind2=" ">
    <subfield code="2">udc</subfield>
    <subfield code="a">k. 32738</subfield>
    <subfield code="c">BK</subfield>
    <subfield code="h">982 </subfield>
    <subfield code="k">D</subfield>
    <subfield code="m">L 83 h</subfield>
    <subfield code="p">Inv. 10826-10827-10828-10829-10830-10831-10832-10833-10834-10835</subfield>
  </datafield>
  <datafield tag="945" ind1=" " ind2=" ">
    <subfield code="a">ag 08/05/2026</subfield>
  </datafield>
  <datafield tag="952" ind1=" " ind2=" ">
    <subfield code="0">0</subfield>
    <subfield code="1">0</subfield>
    <subfield code="2">udc</subfield>
    <subfield code="4">0</subfield>
    <subfield code="7">1</subfield>
    <subfield code="a">BPED</subfield>
    <subfield code="b">BPED</subfield>
    <subfield code="d">1975-09-04</subfield>
    <subfield code="l">0</subfield>
    <subfield code="o">D 982 L 83 h  t.1</subfield>
    <subfield code="p">10826</subfield>
    <subfield code="r">2026-05-08 18:13:04</subfield>
    <subfield code="w">2026-05-08</subfield>
    <subfield code="y">BK</subfield>
    <subfield code="z">No se presta a domicilio</subfield>
  </datafield>
  <datafield tag="952" ind1=" " ind2=" ">
    <subfield code="0">0</subfield>
    <subfield code="1">0</subfield>
    <subfield code="2">udc</subfield>
    <subfield code="4">0</subfield>
    <subfield code="7">1</subfield>
    <subfield code="a">BPED</subfield>
    <subfield code="b">BPED</subfield>
    <subfield code="d">1975-09-04</subfield>
    <subfield code="l">0</subfield>
    <subfield code="o">D 982 L 83 h  t.2</subfield>
    <subfield code="p">10827</subfield>
    <subfield code="r">2026-05-08 18:13:51</subfield>
    <subfield code="w">2026-05-08</subfield>
    <subfield code="y">BK</subfield>
    <subfield code="z">No se presta a domicilio</subfield>
  </datafield>
  <datafield tag="952" ind1=" " ind2=" ">
    <subfield code="0">0</subfield>
    <subfield code="1">0</subfield>
    <subfield code="2">udc</subfield>
    <subfield code="4">0</subfield>
    <subfield code="7">1</subfield>
    <subfield code="a">BPED</subfield>
    <subfield code="b">BPED</subfield>
    <subfield code="d">1975-09-04</subfield>
    <subfield code="l">0</subfield>
    <subfield code="o">D 982 L 83 h  t3</subfield>
    <subfield code="p">10828</subfield>
    <subfield code="r">2026-05-08 18:14:34</subfield>
    <subfield code="w">2026-05-08</subfield>
    <subfield code="y">BK</subfield>
    <subfield code="z">No se presta a domicilio</subfield>
  </datafield>
  <datafield tag="952" ind1=" " ind2=" ">
    <subfield code="0">0</subfield>
    <subfield code="1">0</subfield>
    <subfield code="2">udc</subfield>
    <subfield code="4">0</subfield>
    <subfield code="7">1</subfield>
    <subfield code="a">BPED</subfield>
    <subfield code="b">BPED</subfield>
    <subfield code="d">1975-09-04</subfield>
    <subfield code="l">0</subfield>
    <subfield code="o">D 982 L 83 h  t.4</subfield>
    <subfield code="p">10829</subfield>
    <subfield code="r">2026-05-08 18:15:29</subfield>
    <subfield code="w">2026-05-08</subfield>
    <subfield code="y">BK</subfield>
    <subfield code="z">No se presta a domicilio</subfield>
  </datafield>
  <datafield tag="952" ind1=" " ind2=" ">
    <subfield code="0">0</subfield>
    <subfield code="1">0</subfield>
    <subfield code="2">udc</subfield>
    <subfield code="4">0</subfield>
    <subfield code="7">1</subfield>
    <subfield code="a">BPED</subfield>
    <subfield code="b">BPED</subfield>
    <subfield code="d">1975-09-04</subfield>
    <subfield code="l">0</subfield>
    <subfield code="o">D 982 L 83 h  t.6</subfield>
    <subfield code="p">10831</subfield>
    <subfield code="r">2026-05-08 18:16:18</subfield>
    <subfield code="w">2026-05-08</subfield>
    <subfield code="y">BK</subfield>
    <subfield code="z">No se presta a domicilio</subfield>
  </datafield>
  <datafield tag="952" ind1=" " ind2=" ">
    <subfield code="0">0</subfield>
    <subfield code="1">0</subfield>
    <subfield code="2">udc</subfield>
    <subfield code="4">0</subfield>
    <subfield code="7">1</subfield>
    <subfield code="a">BPED</subfield>
    <subfield code="b">BPED</subfield>
    <subfield code="d">1975-09-04</subfield>
    <subfield code="l">0</subfield>
    <subfield code="o">D 982 L 83 h  t.7</subfield>
    <subfield code="p">10832</subfield>
    <subfield code="r">2026-05-08 18:17:14</subfield>
    <subfield code="w">2026-05-08</subfield>
    <subfield code="y">BK</subfield>
    <subfield code="z">No se presta a domicilio</subfield>
  </datafield>
  <datafield tag="952" ind1=" " ind2=" ">
    <subfield code="0">0</subfield>
    <subfield code="1">0</subfield>
    <subfield code="2">udc</subfield>
    <subfield code="4">0</subfield>
    <subfield code="7">1</subfield>
    <subfield code="a">BPED</subfield>
    <subfield code="b">BPED</subfield>
    <subfield code="d">1975-09-04</subfield>
    <subfield code="l">0</subfield>
    <subfield code="o">D 982 L 83 h  t.8</subfield>
    <subfield code="p">10833</subfield>
    <subfield code="r">2026-05-08 18:17:52</subfield>
    <subfield code="w">2026-05-08</subfield>
    <subfield code="y">BK</subfield>
    <subfield code="z">No se presta a domicilio</subfield>
  </datafield>
  <datafield tag="952" ind1=" " ind2=" ">
    <subfield code="0">0</subfield>
    <subfield code="1">0</subfield>
    <subfield code="2">udc</subfield>
    <subfield code="4">0</subfield>
    <subfield code="7">1</subfield>
    <subfield code="a">BPED</subfield>
    <subfield code="b">BPED</subfield>
    <subfield code="d">1975-09-04</subfield>
    <subfield code="l">0</subfield>
    <subfield code="o">D 982 L 83 h  t.9</subfield>
    <subfield code="p">10834</subfield>
    <subfield code="r">2026-05-08 18:18:35</subfield>
    <subfield code="w">2026-05-08</subfield>
    <subfield code="y">BK</subfield>
    <subfield code="z">No se presta a domicilio</subfield>
  </datafield>
  <datafield tag="952" ind1=" " ind2=" ">
    <subfield code="0">0</subfield>
    <subfield code="1">0</subfield>
    <subfield code="2">udc</subfield>
    <subfield code="4">0</subfield>
    <subfield code="7">1</subfield>
    <subfield code="a">BPED</subfield>
    <subfield code="b">BPED</subfield>
    <subfield code="d">1975-09-04</subfield>
    <subfield code="l">0</subfield>
    <subfield code="o">D 982 L 83 h  t.10</subfield>
    <subfield code="p">10835</subfield>
    <subfield code="r">2026-05-08 18:19:26</subfield>
    <subfield code="w">2026-05-08</subfield>
    <subfield code="y">BK</subfield>
    <subfield code="z">No se presta a domicilio</subfield>
  </datafield>
  <datafield tag="999" ind1=" " ind2=" ">
    <subfield code="c">32738</subfield>
    <subfield code="d">32738</subfield>
  </datafield>
</record>
